[Event "RSA-ch Seniors"]
[Site "Cape Town"]
[Date "2024.03.30"]
[Round "7"]
[White "Wilken, Justin Barend"]
[Black "Willenberg, Glen I"]
[Result "1-0"]
[WhiteElo "1884"]
[BlackElo "1683"]
[PlyCount "75"]
[EventDate "2024.03.25"]
[EventType "tourn"]
[EventRounds "11"]
[EventCountry "RSA"]
[SourceTitle "CB14_2024"]
[SourceDate "2024.04.01"]
[SourceVersion "1"]
[SourceVersionDate "2024.04.01"]
[SourceQuality "1"]

1. e4 d6 2. d4 Nf6 3. Nc3 g6 4. f4 c6 5. Nf3 b5 6. e5 dxe5 7. fxe5 Nd5 8. Ne4 f5 9. exf6 exf6 10. Bd3 Bg7 11. 0-0 0-0 12. c3 Re8 13. Re1 Bf5 14. Bd2 Nd7 15. Nd6 Rxe1+ 16. Qxe1 Bg4 17. h3 Nf8 18. Nb7 Qc7 19. hxg4 Qxb7 20. Qg3 Re8 21. Re1 Rxe1+ 22. Qxe1 Qd7 23. Qg3 Qc7 24. Qxc7 Nxc7 25. Bf4 Nfe6 26. Bd6 Bh6 27. Kf2 Nd5 28. Bb8 a5 29. c4 bxc4 30. Bxc4 Be3+ 31. Kg3 Nxd4 32. Bc7 a4 33. b3 axb3 34. axb3 Kg7 35. Nxd4 Bxd4 36. Ba5 Ne3 37. Be2 Be5+ 38. Kf2 1-0

[Event "RSA-ch Seniors"]
[Site "Cape Town"]
[Date "2024.03.29"]
[Round "5"]
[White "Lewis, Mark MM"]
[Black "Willenberg, Glen I"]
[Result "1/2-1/2"]
[WhiteElo "1861"]
[BlackElo "1683"]
[PlyCount "39"]
[EventDate "2024.03.25"]
[EventType "tourn"]
[EventRounds "11"]
[EventCountry "RSA"]
[SourceTitle "CB14_2024"]
[SourceDate "2024.04.01"]
[SourceVersion "1"]
[SourceVersionDate "2024.04.01"]
[SourceQuality "1"]

1. d4 Nf6 2. c4 e6 3. Nf3 d5 4. Nc3 h6 5. e3 c5 6. Be2 Nc6 7. 0-0 Be7 8. dxc5 Bxc5 9. a3 a5 10. Qc2 dxc4 11. Rd1 Qe7 12. Bxc4 0-0 13. b3 b6 14. Bb2 Bb7 15. Na4 Rfd8 16. Be2 Nd7 17. Qc3 e5 18. Bc4 Bd6 19. Nd2 Na7 20. Qd3 1/2-1/2

[Event "RSA-ch Seniors"]
[Site "Cape Town"]
[Date "2024.03.29"]
[Round "6"]
[White "Willenberg, Glen I"]
[Black "Bouah, Lyndon"]
[Result "1/2-1/2"]
[WhiteElo "1683"]
[BlackElo "2007"]
[PlyCount "63"]
[EventDate "2024.03.25"]
[EventType "tourn"]
[EventRounds "11"]
[EventCountry "RSA"]
[SourceTitle "CB14_2024"]
[SourceDate "2024.04.01"]
[SourceVersion "1"]
[SourceVersionDate "2024.04.01"]
[SourceQuality "1"]

1. c4 e5 2. Nc3 d6 3. g3 f5 4. Bg2 Nf6 5. e3 Be7 6. Nge2 0-0 7. d4 Nbd7 8. 0-0 c6 9. b3 Qe8 10. Ba3 g5 11. Qd2 Rf7 12. dxe5 dxe5 13. Bxe7 Rxe7 14. Rad1 Nf8 15. Qd8 Be6 16. Qxe8 Raxe8 17. Rd6 Kf7 18. Rfd1 Rd7 19. h3 Red8 20. Rxd7+ Rxd7 21. Rxd7+ N8xd7 22. Kf1 Ke7 23. Ke1 Nc5 24. f4 gxf4 25. gxf4 Nd3+ 26. Kd2 e4 27. Ng3 Kf7 28. Bf1 Nc5 29. Nce2 Kg6 30. Nd4 Bc8 31. b4 Na6 32. Ke1 1/2-1/2

[Event "RSA-ch Seniors"]
[Site "Cape Town"]
[Date "2024.03.28"]
[Round "4"]
[White "Willenberg, Glen I"]
[Black "Ohlson, Cecil"]
[Result "0-1"]
[WhiteElo "1683"]
[BlackElo "1729"]
[PlyCount "76"]
[EventDate "2024.03.25"]
[EventType "tourn"]
[EventRounds "11"]
[EventCountry "RSA"]
[SourceTitle "CB14_2024"]
[SourceDate "2024.04.01"]
[SourceVersion "1"]
[SourceVersionDate "2024.04.01"]
[SourceQuality "1"]

1. c4 d6 2. g3 e5 3. Bg2 f5 4. e3 Nf6 5. Ne2 Be7 6. Nbc3 0-0 7. 0-0 a5 8. d4 Qe8 9. b3 Nbd7 10. Nb5 Bd8 11. Bb2 Qh5 12. Nec3 Qh6 13. Nd5 Ng4 14. h3 c6 15. hxg4 fxg4 16. Nxd6 Qxd6 17. Nc3 h5 18. Ne4 Qh6 19. dxe5 h4 20. gxh4 Bxh4 21. Qd6 Re8 22. Rad1 Re6 23. Qd4 Nxe5 24. Qxe5 Rxe5 25. Bxe5 Bf5 26. Ng3 Qe6 27. Bd4 Bc2 28. Rd2 Qg6 29. Rc1 Bb1 30. Bc3 Bxg3 31. fxg3 Qe6 32. Bd4 Bf5 33. Rf2 Qg6 34. Bc5 Rd8 35. Rcf1 Bb1 36. Bd4 Bd3 37. Rf7 Bxf1 38. Rxg7+ Qxg7 0-1

[Event "RSA-ch Seniors"]
[Site "Cape Town"]
[Date "2024.03.26"]
[Round "2"]
[White "Willenberg, Glen I"]
[Black "Schutte, Andre"]
[Result "0-1"]
[WhiteElo "1683"]
[BlackElo "1839"]
[PlyCount "106"]
[EventDate "2024.03.25"]
[EventType "tourn"]
[EventRounds "11"]
[EventCountry "RSA"]
[SourceTitle "CB14_2024"]
[SourceDate "2024.04.01"]
[SourceVersion "1"]
[SourceVersionDate "2024.04.01"]
[SourceQuality "1"]

1. c4 Nf6 2. Nc3 g6 3. g3 Bg7 4. Bg2 c5 5. Nf3 Nc6 6. d4 cxd4 7. Nxd4 Nxd4 8. Qxd4 0-0 9. 0-0 d6 10. Qd3 a6 11. b3 Rb8 12. Bb2 Nd7 13. Rab1 Nc5 14. Qc2 b5 15. cxb5 axb5 16. b4 Ne6 17. e3 Bb7 18. Nd5 Bxb2 19. Rxb2 Bxd5 20. Bxd5 Nc7 21. Qd3 Nxd5 22. Qxd5 e6 23. Qd4 Qb6 24. Rd1 Qxd4 25. Rxd4 d5 26. e4 dxe4 27. Rxe4 Rfd8 28. Re5 Kf8 29. Kf1 Ke7 30. Ke2 Rdc8 31. Kd3 h5 32. Rc2 Rd8+ 33. Ke4 Rd1 34. h4 Rb1 35. a3 Rb3 36. Rcc5 Rxa3 37. Rxb5 Rd8 38. Rb7+ Kf6 39. Rc5 Rad3 40. Rc4 R8d5 41. Rbc7 Rd2 42. R7c5 R5d3 43. b5 Rb3 44. Rc3 Rxc3 45. Rxc3 Rb2 46. f3 Rxb5 47. Rc4 Rb2 48. Rc5 Rg2 49. Rg5 Kg7 50. g4 f6 51. Rc5 hxg4 52. f4 Re2+ 53. Kd3 Re4 0-1

[Event "South African op"]
[Site "Cape Town"]
[Date "2022.07.16"]
[Round "10"]
[White "Willenberg, Glen I"]
[Black "Van Schaik, Michael"]
[Result "1-0"]
[WhiteElo "1627"]
[BlackElo "1552"]
[PlyCount "133"]
[EventDate "2022.07.09"]
[EventType "swiss"]
[EventRounds "11"]
[EventCountry "RSA"]
[SourceTitle "CBM 209 Extra"]
[Source "ChessBase"]
[SourceDate "2022.09.30"]
[SourceVersion "1"]
[SourceVersionDate "2022.09.30"]
[SourceQuality "1"]

1. c4 Nf6 2. Nc3 g6 3. g3 Bg7 4. Bg2 d6 5. d4 c6 6. e4 0-0 7. h3 Qa5 8. Nge2 Nbd7 9. 0-0 e5 10. Be3 Qc7 11. Rc1 b6 12. b4 Qd8 13. Qd2 Re8 14. Rfd1 Bb7 15. c5 bxc5 16. dxc5 dxc5 17. bxc5 Bf8 18. Nb1 Qc7 19. Qb4 a5 20. Qa3 Ba6 21. Nec3 Rab8 22. Rd2 Rb4 23. Rcd1 Nxc5 24. Bxc5 Bxc5 25. Qc1 Bd4 26. Ne2 Reb8 27. Nbc3 Bxe2 28. Nxe2 Qb6 29. Nxd4 Rxd4 30. Rxd4 exd4 31. e5 Nh5 32. g4 Ng7 33. Qxc6 Qxc6 34. Bxc6 Ne6 35. Bd5 Nf4 36. Bb3 Re8 37. Kh2 d3 38. Kg3 g5 39. Bc4 Rd8 40. h4 h6 41. hxg5 hxg5 42. Kf3 Rd4 43. Ba6 Ra4 44. Rd2 Ra3 45. Ke4 Kg7 46. Kf5 Kh6 47. f3 Ne2 48. Bxd3 Nd4+ 49. Ke4 Ne6 50. Be2 Ra4+ 51. Ke3 Ra3+ 52. Kf2 Nf4 53. Bc4 Kg6 54. Rd6+ Ne6 55. Bxe6 fxe6 56. Rd2 Rc3 57. Kg3 a4 58. Rd6 Kf7 59. Rd7+ Ke8 60. Rg7 Ra3 61. Rxg5 Rxa2 62. Rg7 Re2 63. f4 a3 64. Ra7 a2 65. Kh4 Re4 66. Kg5 Re2 67. Kf6 1-0

[Event "RSA-ch Seniors"]
[Site "Cape Town"]
[Date "2019.12.17"]
[Round "11"]
[White "Willenberg, Roland C"]
[Black "Willenberg, Glen I"]
[Result "1-0"]
[WhiteElo "1739"]
[BlackElo "1644"]
[PlyCount "53"]
[EventDate "2019.12.07"]
[EventType "tourn"]
[EventRounds "11"]
[EventCountry "RSA"]
[SourceTitle "EXT 2021"]
[Source "ChessBase"]
[SourceDate "2020.10.23"]
[SourceVersion "1"]
[SourceVersionDate "2020.10.23"]
[SourceQuality "1"]

1. e4 b6 2. d4 Bb7 3. Nc3 e6 4. Nf3 Bb4 5. Bd3 Bxc3+ 6. bxc3 h6 7. 0-0 Ne7 8. c4 d6 9. Qe2 0-0 10. Bb2 Nd7 11. h3 c5 12. d5 e5 13. a4 a5 14. g4 g5 15. Kg2 Ng6 16. Bc1 Qf6 17. Kg3 Rfe8 18. Rh1 Nf4 19. Qd1 Kg7 20. Be3 Rh8 21. Qd2 h5 22. h4 gxh4+ 23. Nxh4 Qg5 24. Nf5+ Kf6 25. Rh4 Rag8 26. Bxf4 Qxf4+ 27. Qxf4 1-0

[Event "RSA-ch Seniors"]
[Site "Cape Town"]
[Date "2019.12.15"]
[Round "9"]
[White "Pick, Deon D"]
[Black "Willenberg, Glen I"]
[Result "1-0"]
[WhiteElo "1807"]
[BlackElo "1644"]
[PlyCount "79"]
[EventDate "2019.12.07"]
[EventType "tourn"]
[EventRounds "11"]
[EventCountry "RSA"]
[SourceTitle "CBM 193 Extra"]
[Source "ChessBase"]
[SourceDate "2020.01.31"]
[SourceVersion "1"]
[SourceVersionDate "2020.01.31"]
[SourceQuality "1"]

1. e4 d6 2. d4 Nf6 3. Nc3 g6 4. f4 Bg7 5. Nf3 0-0 6. Bd3 c6 7. 0-0 b5 8. a3 a6 9. h3 c5 10. dxc5 dxc5 11. e5 Nd5 12. Nxd5 Qxd5 13. Qe2 Qd7 14. Rd1 Qc7 15. Be4 Bb7 16. Bxb7 Qxb7 17. Be3 c4 18. c3 e6 19. Rd6 Rc8 20. Rad1 Nc6 21. Bf2 Bf8 22. Rd7 Rc7 23. R7d2 Be7 24. Kh2 Rcc8 25. Bh4 Rd8 26. Bxe7 Rxd2 27. Nxd2 Nxe7 28. Ne4 Nd5 29. Qf3 Rb8 30. Nc5 Qc6 31. Ne4 Rc8 32. Rd4 Kg7 33. Nd6 Rf8 34. Ne4 Rc8 35. Qg3 Ne7 36. Qg5 Nd5 37. Nd6 Rc7 38. f5 exf5 39. Nxf5+ Kh8 40. Qd8+ 1-0

[Event "RSA-ch Seniors"]
[Site "Cape Town"]
[Date "2019.12.14"]
[Round "8"]
[White "Willenberg, Glen I"]
[Black "Solomon, Maxwell"]
[Result "0-1"]
[WhiteElo "1644"]
[BlackElo "1999"]
[PlyCount "36"]
[EventDate "2019.12.07"]
[EventType "tourn"]
[EventRounds "11"]
[EventCountry "RSA"]
[SourceTitle "CBM 193 Extra"]
[Source "ChessBase"]
[SourceDate "2020.01.31"]
[SourceVersion "1"]
[SourceVersionDate "2020.01.31"]
[SourceQuality "1"]

1. c4 e5 2. g3 Nc6 3. Bg2 Nf6 4. Nc3 Bb4 5. e3 Bxc3 6. dxc3 d6 7. Ne2 Be6 8. b3 Qd7 9. Qc2 Bh3 10. 0-0 h5 11. f4 h4 12. f5 hxg3 13. hxg3 0-0-0 14. e4 Ng4 15. Bd2 f6 16. Qd3 Qf7 17. Bxh3 Rxh3 18. Rf2 Rh1+ 0-1

[Event "RSA-ch Seniors"]
[Site "Cape Town"]
[Date "2019.12.07"]
[Round "1"]
[White "Willenberg, Glen I"]
[Black "Ohlson, Cecil"]
[Result "0-1"]
[WhiteElo "1644"]
[BlackElo "1564"]
[PlyCount "92"]
[EventDate "2019.12.07"]
[EventType "tourn"]
[EventRounds "11"]
[EventCountry "RSA"]
[SourceTitle "CBM 193 Extra"]
[Source "ChessBase"]
[SourceDate "2020.01.31"]
[SourceVersion "1"]
[SourceVersionDate "2020.01.31"]
[SourceQuality "1"]

1. c4 e5 2. g3 d6 3. Bg2 f5 4. e3 Nf6 5. Ne2 Be7 6. Nbc3 0-0 7. 0-0 Kh8 8. d4 Qe8 9. Nd5 Bd8 10. b3 Nxd5 11. cxd5 e4 12. f3 exf3 13. Bxf3 Bf6 14. Bd2 Bg5 15. Qc1 Na6 16. Re1 Rf7 17. Qc3 Nb8 18. Rac1 Nd7 19. Nf4 Bxf4 20. exf4 Qf8 21. Re3 Nf6 22. Qd3 b6 23. Qe2 a5 24. Qg2 Re7 25. Rce1 Rxe3 26. Rxe3 Bb7 27. h3 Re8 28. Re6 Qf7 29. Qe2 Bc8 30. Rxe8+ Qxe8 31. Qxe8+ Nxe8 32. g4 Nf6 33. g5 Ng8 34. g6 hxg6 35. Be1 Nf6 36. Bh4 Ba6 37. Kf2 Bd3 38. Bg5 Bb1 39. a3 Be4 40. Bxf6 gxf6 41. Ke3 Bxf3 42. Kxf3 Kh7 43. Kg3 Kh6 44. a4 Kh5 45. h4 g5 46. hxg5 fxg5 0-1